00390nam a2200145Ia 4500008004100000020001800041041000800059082001600067100001300083245007000096260002000166300002800186365001700214700001300231230718s9999 xx 000 0 und d a9780262027878 aeng a025.04bPEL aPeled A. aTraversing Digital BabelbInformation, E-Government, And Exchange c2014bMIT Press a279dRef 1569 C (51807) cRs.b2013.00 aPeled A.